000 00853nam a2200241 i 4500
001 81063
003 ES-MaACL
005 20230906174348.0
007 t|
008 041102s1969 sp ||||1| spa d
100 1 _aHolzt, Alfred.
_964102
245 1 3 _aLa escuela del técnico mecánico /
_ciniciado por Karl Georg Weitael ; bajo la dirección de Alfred Holzt.
250 _a3ª ed.
_bpuesta al día por José Serrat y Bonastre.
260 _aBarcelona :
_bLabor,
_c1969.
300 _a1 v. :
_bil. ;
_c22 cm.
505 8 _aContiene: T. VII: Calderas ; Máquinas de vapor / por Hugo Bèahr, O. Herre.
650 4 _aCalderas de vapor.
_9164125
700 1 _aWeitael, Karl Georg.
_9116420
700 1 _aSerrat y Bonastre, José.
_9105817
700 1 _aBèahr, Hugo.
_9126254
700 1 _aHerre, O.
_963176
852 _aES-MaACL
_jP-1721
_bR.70870
999 _c81063
_d81063